Formula one drivers line-up 1998 - Statistics

General Stats
  • This quiz has been taken 79 times
  • The average score is 19 of 23
Answer Stats
Constructor Rounds Driver Nationality % Correct
Williams All Jacques Villeneuve Canada
98%
McLaren All Mika Häkkinen Finland
98%
Ferrari All Michael Schumacher Germany
97%
Jordan All Ralf Schumacher Germany
97%
McLaren All David Coulthard UK
95%
Benetton All Giancarlo Fisichella Italy
92%
Stewart 8-16 Jos Verstappen Netherlands
92%
Ferrari All Eddie Irvine UK
90%
Williams All Heinz-Harald Frentzen Germany
90%
Arrows All Mika Salo Finland
90%
Benetton All Alexander Wurz Austria
88%
Sauber All Jean Alesi France
88%
Stewart All Rubens Barrichello Brazil
88%
Jordan All Damon Hill UK
86%
Prost All Jarno Trulli Italy
86%
Stewart 1-7 Jan Magnussen Denmark
85%
Prost All Oliver Panis France
85%
Sauber All Johnny Herbert UK
78%
Arrows All Pedro Diniz Brazil
75%
Tyrrell All Toranosuke Takagi Japan
64%
Minardi All Shinji Nakano Japan
61%
Minardi All Esteban Tuero Argentina
58%
Tyrrell All Ricardo Rosset Brazil
58%
No matching quizzes found
Score Distribution
Percent of People with Each Score
Percentile by Number Answered
Your Score History
You have not taken this quiz